| 000 | 03927nam a22002657a 4500 | ||
|---|---|---|---|
| 003 | GRAtEVE | ||
| 005 | 20260110112143.0 | ||
| 006 | a|||||r||||||||||| | ||
| 008 | e202411 gr |||||||||||||||||gre| | ||
| 020 | _a9786185724931 | ||
| 040 |
_aGR-AtMCL _bgre _dGR-AtMCL |
||
| 041 | 1 | _heng | |
| 100 |
_aBartlett, Steven _910236 |
||
| 240 | 1 | 0 |
_aDiary of a CEO. _hΚείμενο. _lΕλληνικά |
| 245 | 1 | 3 |
_aΤο ημερολόγιο ενός CEO : _bοι 33 κανόνες για την εργασία & τη ζωή / _cSteven Bartlett ; μετάφραση Χρήστος Καψάλης |
| 250 | _a2η έκδ. | ||
| 264 | 1 |
_aΑθήνα : _bKey Books, _c2025 |
|
| 300 |
_a470 σελίδες : _bεικ. ; _c21 εκ. |
||
| 500 | _aΤο κείμενο είναι μεταφρασμένο από τα αγγλικά | ||
| 520 | _aΑυτό δεν είναι ένα βιβλίο για τη στρατηγική στις επιχειρήσεις. Οι στρατηγικές αλλά ζουν όπως και οι εποχές. Αυτό το βιβλίο πραγματεύεται κάτι πιο μόνιμο. Στο Ημερολόγιο ενός CEO o Steven Bartlett παρουσιάζει τις αξίες και τους κανόνες που βρίσκονται στην καρδιά κάθε επιτυχίας αλλά και αποτυχίας. Μέσα από τις προσωπικές του εμπειρίες και τις συζητήσεις του με ηγέτες, νευροεπιστήμονες, ανθρώπους του αθλητισμού και επιχειρηματίες με τζίρους δισεκατομμυρίων, συνθέτει έναν οδηγό επιτυχίας που δεν απευθύνεται μόνο σε διευθύνοντες συμβούλους, αλλά και σε κάθε άτομο που θέλει να κατακτήσει κορυφές στην προσωπική και την επαγγελματική του ζωή. Το Ημερολόγιο ενός CEO δεν είναι μια συλλογή θεωριών – είναι ένας χάρτης δράσης. Ο Bartlett μοιράζεται 33 κανόνες που αγγίζουν κάθε πτυχή της ζωής: από την προσωπική ανάπτυξη και την καριέρα μέχρι τη διαχείριση σχέσεων και ομάδων. Οδηγεί τον αναγνώστη βήμα βήμα, εξηγώντας με ευχάριστο και κατανοητό τρόπο πώς μπορεί να χτίσει ο καθένας από εμάς το δικό του μονοπάτι προς την επιτυχία και την ευτυχία. Από τον κανόνα «Γέμισε τους πέντε κουβάδες σου», που δείχνει πώς η γνώση, οι δεξιότητες και η φήμη συνδέονται για να δημιουργήσουν ευκαιρίες, μέχρι το μάθημα του πώς να κερδίσεις υποστηρικτές και πιστούς συνεργάτες, ο Bartlett προσφέρει πρακτικές στρατηγικές που είναι αποτελεσματικές σήμερα και θα είναι αποτελεσματικές και σε 100 χρόνια. Είτε θέλεις να ξεκινήσεις τη δική σου επιχείρηση, είτε να βελτιώσεις την καριέρα σου είτε απλώς να εξελιχθείς προσωπικά, το βιβλίο αυτό θα σου δείξει πώς να βρεις το θάρρος να σκεφτείς διαφορετικά και να αναλάβεις τον έλεγχο της ζωής σου. | ||
| 650 | 0 |
_aΕπιχειρηματικότητα _910238 |
|
| 700 |
_aΚαψάλης, Χρήστος _910237 |
||
| 942 | _cBK | ||
| 999 |
_c10029 _d10029 |
||